Democracy, Lobbying and Economics

Lobing ako demokratický prostriedok presadzovania záujmov. Lobing v súčasnej ekonomickej teórií. Použite jednoduchých grafických modelov a SWOT analýzy. Úloha vlády v definovaní lobingu a vymedzení pravidiel.

Salvato in:
Dettagli Bibliografici
Autore principale: Žák, Milan
Natura: Capitolo di libro
Lingua:inglese
Soggetti:
Tags: Aggiungi Tag
Nessun Tag, puoi essere il primo ad aggiungerne!!

MARC

LEADER 00000naa a2200000 4500
001 0259647
005 20191113141335.2
041 0 |a eng 
044 |a CZ 
245 1 0 |a Democracy, Lobbying and Economics  |c Milan Žák 
520 |a Lobing ako demokratický prostriedok presadzovania záujmov. Lobing v súčasnej ekonomickej teórií. Použite jednoduchých grafických modelov a SWOT analýzy. Úloha vlády v definovaní lobingu a vymedzení pravidiel. 
610 2 0 |a lobizmus 
610 2 0 |a demokracia 
610 2 0 |a teória ekonomického rastu 
610 2 0 |a prostredie ekonomické 
610 2 0 |a kontrola verejná 
100 1 |a Žák, Milan